| 000 | 01289cam a22003617a 4500 | ||
|---|---|---|---|
| 003 | CHAP | ||
| 005 | 20220329141833.0 | ||
| 008 | 971201d1997 mx r 00110 spa d | ||
| 010 | _a74607 | ||
| 011 | _a75579 | ||
| 035 | _a85145 | ||
| 040 | _cCHAP | ||
| 090 | _aTesis | ||
| 100 | 0 | 0 |
_aReyes Salgado, Nahum de Jesús. _996981 |
| 245 | 1 | 0 |
_aAlgunos aspectos de política forestal en México _c/por Nahum de Jesús Reyes Salgado |
| 260 |
_aChapingo, Méx. : _bEl autor, _c1997. |
||
| 300 | _a71 h. | ||
| 502 | _aTesis (Ing. Forestal con Orientación en Economía y Ordenación) -- UACH. División de Ciencias Forestales | ||
| 590 |
_aALEPH _b10 _c20130110 _lUCH01 _h1420 |
||
| 590 |
_aBATCH-UPD _b10 _c20130110 _lUCH01 _h1024 |
||
| 590 |
_aBATCH-UPD _b10 _c20130410 _lUCH01 _h0628 |
||
| 590 |
_aBATCH-UPD _b10 _c20130914 _lUCH01 _h0719 |
||
| 590 |
_aBATCH-UPD _b10 _c20130914 _lUCH01 _h2146 |
||
| 590 |
_aCONVERSION _b10 _c20130109 _lUCH01 _h1341 |
||
| 650 | 1 | 4 |
_aBosques _xAspectos económicos _xMéxico. _914076 |
| 650 | 1 | 4 |
_aPolítica forestal _zMéxico. _990610 |
| 901 | _aBK | ||
| 905 | _aGuadalupe Pinto C. | ||
| 911 |
_aCultivos _aGuadalupe Pinto C. |
||
| 942 | _cFOLL | ||
| 949 |
_bBC _cTES _d33724000638151 _eTS2 _fc.2 _h31566 _i85145 _sb |
||
| 949 |
_bBC _cTES _d851451 _eTS1 _h31565 _i85145 _sb |
||
| 999 |
_c74607 _d74607 |
||